| 000 | 00671cam a2200181 4500 | ||
|---|---|---|---|
| 001 | WB3714-01 | ||
| 008 | 000000n2001 000 0 eng u | ||
| 035 | _a(Sirsi) u111775 | ||
| 245 | _aStolen art database | ||
| 260 | _c2001 | ||
| 490 |
_aAntiques Trade Gazette _v(1482) 31 March 2001, 1(1) |
||
| 520 | _aGovernment has set out details on setting up and developing a national database of stolen art. It would be established as a public/private partnership and the Home Officer minister gave commitment to funding once a proposition was agreed. | ||
| 590 | _aWB | ||
| 650 | _aSTOLEN ART | ||
| 650 | _aDATABASES | ||
| 690 |
_aArts and antiques _96217 |
||
| 942 | _n0 | ||
| 999 |
_c66601 _d66601 |
||